Writing how-to articles & books : (Record no. 61070)

MARC details
000 -LEADER
fixed length control field 00882nam a22002537a 4500
005 - DATE AND TIME OF LATEST TRANSACTION
control field 20130926172807.0
010 ## - LCCN (DPL NO)
LC control number ENG-104756
020 ## - INTERNATIONAL STANDARD BOOK NUMBER
International Standard Book Number 9788130913100
Terms of availability 195.00
035 ## - SYSTEM CONTROL NUMBER
System control number EN-88289
035 ## - SYSTEM CONTROL NUMBER
System control number B-492129-140
037 ## - SOURCE OF ACQUISITION
Source of stock number/acquisition DBAD/PUB
037 ## - SOURCE OF ACQUISITION
Source of stock number/acquisition Virtuous Pub/Ven
082 ## - DEWEY DECIMAL CLASSIFICATION NUMBER
Classification number 808.02
100 ## - MAIN ENTRY--PERSONAL NAME
Personal name McCallum, Chriss
Dates associated with a name 1935-
245 ## - TITLE STATEMENT
Title Writing how-to articles & books :
Remainder of title share your know-how and get published /
Statement of responsibility, etc by Chriss McCallum
260 ## - PUBLICATION, DISTRIBUTION, ETC. (IMPRINT)
Place of publication, distribution, etc New Delhi
Name of publisher, distributor, etc Viva Books
Date of publication, distribution, etc 2010
270 ## - ADDRESS
Address 4737/23, Ansari Road
City New Delhi
Postal code 110002
300 ## - PHYSICAL DESCRIPTION
Extent xvi,222p.
Dimensions 22cm(pbk)
490 ## - SERIES STATEMENT
Series statement Viva studymates
500 ## - GENERAL NOTE
General note lncludes bibliographical references [p. 209-215] and index
650 ## - SUBJECT ADDED ENTRY--TOPICAL TERM
Topical term or geographic name as entry element Authorship
942 ## - ADDED ENTRY ELEMENTS (KOHA)
Source of classification or shelving scheme Dewey Decimal Classification
Item type English Books
Classification part 808.02
Call number suffix MCC
Holdings
Withdrawn status Lost status Not for loan Collection code Home library Current library Date acquired Source of acquisition Cost, normal purchase price Full call number Barcode Copy number Cost, replacement price Koha item type
      Non-fiction Andrews Gunj Andrews Gunj 26/09/2013 Virtuous Pub/IN 1304/17.01.13/130/18.12.12/23.01.13 195.00 808.02 MCC B-492136 1 195.00 English Books
      Non-fiction Central Library Central Library 26/09/2013 Virtuous Pub/IN 1304/17.01.13/130/18.12.12/23.01.13 195.00 808.02 MCC B-492129 1 195.00 English Books
    Not For Loan Non-fiction D.B.Act.Division D.B.Act.Division 18/01/2012 DBAD/PUB 195.00 808.02 MCC EN-88289 1 195.00 English Books
      Non-fiction Janak Puri Janak Puri 26/09/2013 Virtuous Pub/IN 1304/17.01.13/130/18.12.12/23.01.13 195.00 808.02 MCC B-492133 1 195.00 English Books
  Written-off vide DLB M. No. 383 dt 16.05.19   Non-fiction Karol Bagh Karol Bagh 26/09/2013 Virtuous Pub/IN 1304/17.01.13/130/18.12.12/23.01.13 195.00 808.02 MCC B-492138 1 195.00 English Books
      Non-fiction Kasturba Gandhi Marg Kasturba Gandhi Marg 26/09/2013 Virtuous Pub/IN 1304/17.01.13/130/18.12.12/23.01.13 195.00 808.02 MCC B-492131 1 195.00 English Books
      Non-fiction Narela Narela 26/09/2013 Virtuous Pub/IN 1304/17.01.13/130/18.12.12/23.01.13 195.00 808.02 MCC B-492139 1 195.00 English Books
      Non-fiction Patel Nagar Patel Nagar 26/09/2013 Virtuous Pub/IN 1304/17.01.13/130/18.12.12/23.01.13 195.00 808.02 MCC B-492130 1 195.00 English Books
      Non-fiction Peshwa Road Peshwa Road 26/09/2013 Virtuous Pub/IN 1304/17.01.13/130/18.12.12/23.01.13 195.00 808.02 MCC B-492132 1 195.00 English Books
      Non-fiction R.K.Puram-8 R.K.Puram-8 26/09/2013 Virtuous Pub/IN 1304/17.01.13/130/18.12.12/23.01.13 195.00 808.02 MCC B-492135 1 195.00 English Books
      Non-fiction Sarojini Nagar Sarojini Nagar 26/09/2013 Virtuous Pub/IN 1304/17.01.13/130/18.12.12/23.01.13 195.00 808.02 MCC B-492134 1 195.00 English Books
      Non-fiction Shahdara Branch Shahdara Branch 26/09/2013 Virtuous Pub/IN 1304/17.01.13/130/18.12.12/23.01.13 195.00 808.02 MCC B-492140 1 195.00 English Books
      Non-fiction Vinoba Puri Vinoba Puri 26/09/2013 Virtuous Pub/IN 1304/17.01.13/130/18.12.12/23.01.13 195.00 808.02 MCC B-492137 1 195.00 English Books

© Delhi Public Library
Hit Counter
free hit counter